| 000 | 00532cam a2200193 4500 | ||
|---|---|---|---|
| 001 | D10410 | ||
| 008 | 090401t1985 xxu||||| |||| 00| 0 eng d | ||
| 035 | _a(Sirsi) u94944 | ||
| 041 | _aeng | ||
| 050 | _a333.33 | ||
| 100 | _aClark, M.G. | ||
| 245 | _aOne-stop shopping: a pipe dream? | ||
| 260 | _c1985 | ||
| 350 | _a0 | ||
| 520 | _aIn - RICS General Practice Division. GP` 85: The future? (Conference) 13 - 15 June 1985 (at) the Palace Hotel, 1985/29 ABC. | ||
| 700 | _aHolland, J.A. | ||
| 942 | _n0 | ||
| 948 | _c04/03/1997 | ||
| 999 |
_c98230 _d98230 |
||